000 00568nam a2200229 a 4500
001 0001-0952
003 ELIB.Books
008 140910 2010 eng
020 _aKBTS
035 _a(ELIB.Books)0001-1106
092 _a232.97
_bMor
100 _aMorison, Frank
245 _aWho Moved the Stone?
260 _aDowners Grove
_bInter Varsity Press
_cn.d
300 _a192
_c18.5 Cm
650 _aResurrection
856 _nKBTS; Library
_uKBTS; Elib.
942 _2ddc
_cBK
990 _a1
998 _cbat
_e2014-09-10
999 _c10952
_d10952